| 000 | 00617nam a2200193Ia 4500 | ||
|---|---|---|---|
| 005 | 20250923145122.0 | ||
| 008 | 008 250917s9999 xx 000 0 eng d | ||
| 037 | _aReference | ||
| 040 |
_aDSWL _beng _cDSWL |
||
| 041 |
_aeng _2eng |
||
| 084 |
_aYX,m1.1'N51<-N47;g, N53 _qDSWL |
||
| 245 | 0 |
_aEvaluation of the programme of advisory social welfare services 1947-1951 _cby United Nations |
|
| 260 |
_aNew York _b Dept. of Social Affairs _c1953 |
||
| 300 | _aiv,120 p. | ||
| 365 |
_aUSD _b0.75 |
||
| 925 | _g0.75 | ||
| 942 |
_cREF _hYX,m1.1'N51<-N47;g, N53 |
||
| 999 |
_c1447361 _d1447361 |
||